000 00631cam a2200181 i 4500
005 20251214111411.0
008 250721s1989 ku gr 000 0 ara d
082 1 4 _a216,8
_bم ح م
100 1 _aعثمان، محمد رأفت
_eمؤلف.
245 1 2 _aالنظام القضائي في الفقه الإسلامي /
_cدكتور محمد رأفت عثمان.
250 _aالطبعه الاولى.
264 3 1 _aالكويت :
_bمكتبة الفلاح للنشر والتوزيع،
_c1989.
300 _a455 صفحة.
650 1 7 _aالإسلام.
650 1 7 _aالفقه.
942 _2ddc
_cBK
999 _c2491
_d2491